|
|
แสดงรายละเอียดบรรณานุกรม |
|
|
Brief Record
: Get Marc (ISO 2709)
: E-mail record
: |
|
|
|
| LEADER 00000nama 2200000uu 4500 | |||
| 001 199455 | |||
| 003 ULIBM | |||
| 008 040531s|||| th m m a000 0 tha d | |||
| 020 978-974-167-619-4 | |||
| 041 tha | |||
| 050 WB 290 ก524 2551. | |||
| 100 วิทยา ศรีดามา. | |||
| 245 การสัมภาษณ์ประวัติและตรวจร่างกาย/ วิทยา ศรีดามา,บรรณาธิการ. | |||
| 260 2551. โครงการตำราจุฬาอายุรศาสตร์ ภาควิชาอายุรศาสตร์ คณะแพทยศาสตร์ จุฬาลงกรณ์มหาวิทยาลัย. กรุงเทพฯ. | |||
| 300 389 หน้า. | |||
| 600 1.วิทยา ศรีดามา,บรรณาธิการ. 2.จุฬาลงกรณ์มหาวิทยาลัย คณะแพทยศาสตร์ ภาควิชาอายุรศาสตร์ โครงการตำราจุฬาอายุรศาสตร์. | |||
| 650 1.การซักประวัติผู้ป่วย 2.การตรวจร่างกาย 3.ผู้ป่วย - - การตรวจร่างกาย. | |||
| คุณยังไม่ได้ล็อกอิน คุณสามารถมีกิจกรรมร่วมกับเว็บไซต์ได้ แต่ต้องล็อกอินก่อน :: |
|
| สถานะ | |||||||||
| 1. | หนังสือทั่วไป | WB 290 ก524 2551. | On Shelf ขอยืม | ||||||
| 2. | หนังสือทั่วไป | WB 290 ก524 2551. ฉ.4 | On Shelf ขอยืม | ||||||
| 3. | หนังสือทั่วไป | WB 290 ก524 2551. ฉ.8 | On Shelf ขอยืม | ||||||
| 4. | หนังสือทั่วไป | WB 290 ก524 2551. ฉ.21 | On Shelf ขอยืม | ||||||
| 5. | หนังสือทั่วไป | WB 290 ก524 2551. ฉ.24 | On Shelf ขอยืม | ||||||
| 6. | หนังสือทั่วไป | WB 290 ก524 2551. ฉ.38 | On Shelf ขอยืม | ||||||
| [แสดง 6/6 รายการ] | |||||||||
| รายการใกล้เคียง ผู้แต่ง [วิทยา ศรีดามา.] |
BibComment |
| คอมเมนท์ทรัพยากรรายการนี้ |
|
|